Stein's method and applications
Αποθηκεύτηκε σε:
| Συγγραφή απο Οργανισμό/Αρχή: | |
|---|---|
| Άλλοι συγγραφείς: | , |
| Μορφή: | Βιβλίο |
| Γλώσσα: | English |
| Δημοσίευση: |
Singapore ; New Jersey ; Hong Kong :
Singapore University Press ; World Scientific,
c2005.
|
| Σειρά: | Lecture notes series (National University of Singapore. Institute for Mathematical Sciences)
5 |
| Θέματα: | |
| Ετικέτες: |
Προσθήκη ετικέτας
Δεν υπάρχουν, Καταχωρήστε ετικέτα πρώτοι!
|
MARC
| LEADER | 00000cam a2200000 i 4500 | ||
|---|---|---|---|
| 001 | 1/63503 | ||
| 008 | 071119s2005 si ||| | eng|| | ||
| 020 | |a 9812562818 | ||
| 035 | |l 10092378 | ||
| 040 | |a GR-MyUA |b gre |e AACR2 | ||
| 041 | 0 | |a eng | |
| 082 | 0 | |a 519.24 |2 (22) | |
| 245 | 0 | 0 | |a Stein's method and applications / |c [edited by] A.D. Barbour, Louis H.Y. Chen. |
| 260 | |a Singapore ; |a New Jersey ; |a Hong Kong : |b Singapore University Press ; |b World Scientific, |c c2005. | ||
| 300 | |a xx, 297 σ. : |b εικ., πορτρ. ; |c 24 εκ. | ||
| 490 | 1 | |a (Lecture notes series / Institute for Mathematical Sciences, National University of Singapore ; |v 5) | |
| 500 | |a "...Containts the proceedings of a workshop which took place during the meeting Stein's Method and Applications: A Program in Honor of Charles Stein, held in Singapore at the Institute for Mathematical Sciences, from 28 July to 31 August 2003." | ||
| 504 | |a Περιέχει βιβλιογραφικές παραπομπές. | ||
| 650 | 0 | 0 | |a Distribution (Probability theory) |x Congrasses. |
| 650 | 0 | 0 | |a Approximation theory |x Congresses. |
| 700 | 1 | |a Barbour, A. D. |e edt | |
| 700 | 1 | |a Chen, Louis H. Y. |q (Louis Hsiao Yun), |d 1940- |e edt | |
| 700 | 1 | |a Stein, Charles, |q 1920-2016. |e hnr | |
| 710 | 2 | |a National University of Singapore. |b Institute for Mathematical Sciences. | |
| 830 | 0 | |a Lecture notes series (National University of Singapore. Institute for Mathematical Sciences) |v 5 | |
| 852 | |a INST |b SAMOS |e 20071119 |h 519.24 STE |p 005300027770 |q 005300027770 |t BK |y 0 | ||
| 901 | |a BIBL3-2007-3 | ||
| 922 | |a 3ΕΛΗ |b 200711 |c ΕΠΕΑΕΚ2/ΤΜΗΜΑ ΜΑΘΗΜΑΤΙΚΩΝ |d ΕΛΕΥΘΕΡΟΥΔΑΚΗΣ | ||
| 970 | |a ΡΟΥΣΣΟΥ |b ΚΩΝΣΤΑΝΤΙΝΑ |z 2007/11/19 | ||